000 00707cam a22002533a 4500
001 4723
003 PGUSA
005 20140828083106.0
008 031201s2003||||xxu|||||s|||||000 | eng d
040 _aPGUSA
_beng
042 _adc
050 4 _aB
100 1 _aBerkeley, George,
_d1685-1753
245 1 2 _aA Treatise Concerning the Principles of Human Knowledge
_h[electronic resource] /
_cGeorge Berkeley
260 _bProject Gutenberg,
_c2003
506 _aPublic domain in the USA.
516 _aElectronic text
653 _aIdealism
653 _aKnowledge, Theory of
653 _aSoul
830 0 _aProject Gutenberg
_v4723
856 4 0 _uhttp://www.gutenberg.org/ebooks/4723
942 _cEB
999 _c234052
_d234052